Softvér na prenos súborov

Guardado en:
Detalles Bibliográficos
Autor principal: Lizák, Tomáš (Autor)
Otros Autores: Slačka, Juraj (Orientador)
Formato: Manuscrito Libro
Lenguaje:eslovaco
Publicado: Bratislava : STU v Bratislave FEI, 2024
Materias:
Acceso en línea:https://opac.crzp.sk/?fn=detailBiblioFormChildU1SAAN&sid=AA0D9432EF6DE826CF16164F11D3&seo=CRZP-detail-kniha
Etiquetas: Agregar Etiqueta
Sin Etiquetas, Sea el primero en etiquetar este registro!

MARC

LEADER 00000ntm a22000003a 4500
001 stuzp96792
003 SK-STU
005 20250429143037.5
007 ta
008 150427s2015----xo-----f-mn---000-0-slo-d
040 |a STU  |b slo 
041 0 |a slo 
044 |a xo 
100 1 |a Lizák, Tomáš  |u 031000  |4 aut  |U FEI Fakulta elektrotechniky a informatiky  |T FEI Ústav robotiky a kybernetiky  |X 104261  |U E011  |Y 356  |7 104261 
242 0 1 |a File Transfer Software  |y eng 
245 1 0 |a Softvér na prenos súborov 
260 |a Bratislava :  |b STU v Bratislave FEI,  |c 2024 
300 |a 65 s. 
650 4 |a prenos súborov  |2 slo 
650 4 |a decentralizované systémy  |2 slo 
650 4 |a blockchain  |2 slo 
650 4 |a bezpečnosť dát  |2 slo 
650 4 |a SSL/TLS  |2 slo 
650 4 |a C#  |2 slo 
650 4 |a WPF  |2 slo 
650 4 |a SQLite  |2 slo 
650 4 |a certifikáty  |2 slo 
650 4 |a file transfer  |2 eng 
650 4 |a decentralized systems  |2 eng 
650 4 |a data security  |2 eng 
650 4 |a SSL/TLS  |2 eng 
650 4 |a C#  |2 eng 
650 4 |a WPF  |2 eng 
650 4 |a SQLite  |2 eng 
650 4 |a certificates  |2 eng 
650 4 |a blockchain  |2 eng 
700 1 |a Slačka, Juraj  |u 031000  |k Z1  |4 ths  |U FEI Fakulta elektrotechniky a informatiky  |T FEI Ústav robotiky a kybernetiky  |X 50837  |U E011  |Y 356  |7 A000050837 
856 4 |u https://opac.crzp.sk/?fn=detailBiblioFormChildU1SAAN&sid=AA0D9432EF6DE826CF16164F11D3&seo=CRZP-detail-kniha